<?xml version="1.0" encoding="UTF-8"?>
<record
    xmlns:xsi="http://www.w3.org/2001/XMLSchema-instance"
    xsi:schemaLocation="http://www.loc.gov/MARC21/slim http://www.loc.gov/standards/marcxml/schema/MARC21slim.xsd"
    xmlns="http://www.loc.gov/MARC21/slim">

  <leader>02561cam a2200265 i 4500</leader>
  <datafield tag="999" ind1=" " ind2=" ">
    <subfield code="c">37832</subfield>
    <subfield code="d">37832</subfield>
  </datafield>
  <datafield tag="020" ind1=" " ind2=" ">
    <subfield code="a">9781032085265</subfield>
  </datafield>
  <datafield tag="041" ind1=" " ind2=" ">
    <subfield code="a">eng-</subfield>
  </datafield>
  <datafield tag="082" ind1="0" ind2="4">
    <subfield code="a">345</subfield>
    <subfield code="b">MCK-D</subfield>
  </datafield>
  <datafield tag="100" ind1="1" ind2=" ">
    <subfield code="a">McKenzie, Simon</subfield>
    <subfield code="e">author.</subfield>
  </datafield>
  <datafield tag="245" ind1="1" ind2="0">
    <subfield code="a">Disputed territories and international criminal law :</subfield>
    <subfield code="b">Israeli settlements and the International Criminal Court /</subfield>
    <subfield code="c">Simon McKenzie.</subfield>
  </datafield>
  <datafield tag="260" ind1=" " ind2=" ">
    <subfield code="a">New York :</subfield>
    <subfield code="b">Routledge, </subfield>
    <subfield code="c">2019.</subfield>
  </datafield>
  <datafield tag="300" ind1=" " ind2=" ">
    <subfield code="a">xii, 245p.</subfield>
  </datafield>
  <datafield tag="504" ind1=" " ind2=" ">
    <subfield code="a">Includes bibliographical references (pages 223-241) and index.</subfield>
  </datafield>
  <datafield tag="505" ind1="0" ind2=" ">
    <subfield code="a">Introduction -- What law is applicable to the West Bank? -- Crime of transfer of population -- Crime of appropriation of property -- Individual criminal responsibility.</subfield>
  </datafield>
  <datafield tag="520" ind1="3" ind2=" ">
    <subfield code="a">"It has been over 50 years since the beginning of the Israeli occupation of the Palestinian Territories. It is estimated that there are over 600,000 Israeli settlers living in the West Bank and East Jerusalem, and they are supported, protected, and maintained by the Israeli state. This book discusses whether international criminal law could apply to those responsible for allowing and promoting this growth, and examines what this application would reveal about the operation of international criminal law. It provides a comprehensive analysis of how the Rome Statute of the International Criminal Court could apply to the settlements in the West Bank through a close examination of the potential operation of two relevant Statute crimes: first, the war crime of transfer of population; and second, the war crime of unlawful appropriation of property. It also addresses the threshold question of whether the law of occupation applies to the West Bank, and how the principles of individual criminal responsibility might operate in this context. It explores the relevance and coherence of the legal arguments relied on by Israel in defence of the legality of the settlements and considers how these arguments might apply in the context of the Rome Statute. The work also has wider aims, raising questions about the Rome Statute's capacity to meet its aim of establishing a coherent and legally effective system of international criminal justice"--page i.</subfield>
  </datafield>
  <datafield tag="546" ind1=" " ind2=" ">
    <subfield code="a">English.</subfield>
  </datafield>
  <datafield tag="650" ind1=" " ind2="0">
    <subfield code="a">International criminal law.</subfield>
  </datafield>
  <datafield tag="650" ind1=" " ind2="0">
    <subfield code="a">Population transfers</subfield>
    <subfield code="x">Palestinian Arabs.</subfield>
  </datafield>
  <datafield tag="650" ind1=" " ind2="0">
    <subfield code="a">Israelis</subfield>
    <subfield code="x">Colonization</subfield>
    <subfield code="z">West Bank.</subfield>
  </datafield>
  <datafield tag="650" ind1=" " ind2="0">
    <subfield code="a">Land settlement</subfield>
    <subfield code="x">Law and legislation</subfield>
    <subfield code="z">Palestine.</subfield>
  </datafield>
  <datafield tag="650" ind1=" " ind2="0">
    <subfield code="a">Israelis</subfield>
    <subfield code="x">Legal status, laws, etc.</subfield>
    <subfield code="z">Palestine.</subfield>
  </datafield>
  <datafield tag="650" ind1=" " ind2="0">
    <subfield code="a">Criminal liability (International law)</subfield>
  </datafield>
  <datafield tag="650" ind1=" " ind2="0">
    <subfield code="a">War crimes (International law)</subfield>
  </datafield>
  <datafield tag="942" ind1=" " ind2=" ">
    <subfield code="2">ddc</subfield>
    <subfield code="c">BK</subfield>
  </datafield>
  <datafield tag="952" ind1=" " ind2=" ">
    <subfield code="0">0</subfield>
    <subfield code="1">0</subfield>
    <subfield code="4">0</subfield>
    <subfield code="7">0</subfield>
    <subfield code="a">NASSDOC</subfield>
    <subfield code="b">NASSDOC</subfield>
    <subfield code="d">2023-03-16</subfield>
    <subfield code="e">Overseas</subfield>
    <subfield code="g">0.00</subfield>
    <subfield code="l">0</subfield>
    <subfield code="o">345 MCK-D</subfield>
    <subfield code="p">53366</subfield>
    <subfield code="r">2023-05-26 00:00:00</subfield>
    <subfield code="v">0.00</subfield>
    <subfield code="w">2023-05-26</subfield>
    <subfield code="y">BK</subfield>
  </datafield>
</record>
